000 00733nam a2200229Ia 4500
003 OSt
005 20240626133436.0
008 210716s2011 xx 000 0 und d
020 _a9780749462390
040 _cAIMIT LIBRARY
041 _aeng
082 _a374.22
_21
_bRIGR
100 _aRigby, Rhymer.
_9171764
245 _a28 business thinkers who changed the world :
_bmanagement gurus and mavericks who changed the way we think about business /
_cBy Rhymer Rigby.
250 _a1st ed.
260 _aNew Delhi ;
_bKogan Page ,
_c2011.
300 _aiv,228p. ;
_bPB
_c22.1 cm
650 _aWarren buffett
_9171765
650 _aRupert murdoch
_9171766
650 _aSam walton
_9171767
942 _2ddc
_cBK
_e1st
_k374.22 RIGR
999 _c207713
_d207713